000 01358 a2200193 4500
003 Nust
005 20221129160243.0
010 _a 88027177
020 _a0070255377
040 _cNust
082 0 0 _a621.3815,HAL
100 1 _aHall, Douglas V.
_918074
245 1 0 _aDigital circuits and systems /
_cDouglas V. Hall.
260 _aNew York :
_bMcGraw-Hill,
_cc1989.
300 _avi, 554 p. :
_bill. ;
_c29 cm.
505 _aAtoms Electrons and Electricity (Page-1), Binary Numbers and Logic Gates (Page-27), Digital Devices and Data Sheets (Page-46), Oscilloscopes Pulse Generators and Pulse Characteristics of Logic Gates (Page-77), Analyzing Testing Troubleshooting and Drawing Logic Circuits (Page-102), Designing and Implementing Combinational Logic Circuits (Page-125), MSI and LSI Combinational Logic Devices and Applications (Page-149), Latches Flip-Flops Counters and Logic Analyzers (Page-188), Synchronous Devices Circuits and Systems (Page-234), Digital Signal Generation Transmission and Interfacing (Page-277), A/D and D/A Converter Circuits and Applications (Page-318), Programmable Logic Devices and State Machines (Page-360), Digital Arithmetic Devices and Microprocessors (Page-411), Memory Devices and Systems (Page-449), Computer Aided Engineering of Digital Systems (Page-489).
650 0 _aDigital electronics.
942 _2ddc
_cBK
999 _c182106
_d182106